| 000 | 00512nam a2200193Ia 4500 | ||
|---|---|---|---|
| 003 | OSt | ||
| 005 | 20170518094450.0 | ||
| 008 | 151021s9999 xx 000 0 und d | ||
| 020 | _a9290432799 | ||
| 040 |
_aMMU _bEng _cMMU _dMMU |
||
| 050 | _aSB 118.4 .H37 1996 | ||
| 245 |
_a_A protocol to determine Seed storage behaviour/ _cT.D.Hong |
||
| 260 | _aRome: IPGRI, 1996 | ||
| 300 | _a64 p. | ||
| 500 | _aIncludes References | ||
| 650 | _a_Seed Storage | ||
| 700 | _a_Ellis R.H. | ||
| 942 |
_2lcc _cLOAN LOAN |
||
| 999 |
_c8961 _d8961 |
||